| 000 | 00922cam a22002897a 4500 | ||
|---|---|---|---|
| 999 |
_c48129 _d48129 |
||
| 001 | 16007323 | ||
| 003 | Nust | ||
| 005 | 20170110103126.0 | ||
| 008 | 091104s2009 enk 000 1 eng | ||
| 010 | _a 2009305299 | ||
| 020 | _a9780007326303 (pbk) | ||
| 025 | _aI-E-2009-305299; 26-90 | ||
| 035 | _a(IN-NdUBS) 2009305299 | ||
| 037 |
_bLibrary of Congress -- New Delhi Overseas Office _cRs275.00 |
||
| 040 |
_aDLC _cDLC _dDLC |
||
| 042 | _alcode | ||
| 050 | 0 | 0 |
_aMLCS 2009/00572 (P) _aPR9499.3.M54 |
| 082 |
_a823 _bMIS |
||
| 100 | 1 |
_aMisra, Jaishree, _d1961- |
|
| 245 | 1 | 0 |
_aSecrets and lies / _cJaishree Misra. |
| 246 | 1 | 8 | _aSecrets & lies |
| 260 |
_aLondon : _bAvon, _c2009. |
||
| 300 |
_avi, 406 p. ; _c19 cm. |
||
| 500 | _aNovel. | ||
| 906 |
_a7 _bcbc _corigode _d4 _encip _f20 _gy-gencatlg |
||
| 942 |
_2ddc _cBK |
||